Southville International School and Colleges
Your cart is empty.
  • Cart
  • Lists
    Public lists Eva Luna New books Lux_list list_1
    Your lists Log in to create your own lists
  • Log in to your account
  • Your cookies
  • Search history
Southville International School and Colleges
  • Advanced search
  • Recent comments
  • Most popular
  • Libraries

Log in to your account

Log in with GOOGLE


If you do not have an external account, but do have a local account, you can still log in:

  1. Home
  2. MARC view: Taxation
Normal view MARC view ISBD view

Taxation (Record no. 2885)

[ view plain ]
MARC details
000 -LEADER
fixed length control field 01136cam a2200349 a 4500
001 - CONTROL NUMBER
control field 12360918
003 - CONTROL NUMBER IDENTIFIER
control field OSt
005 - DATE AND TIME OF LATEST TRANSACTION
control field 20140310181744.0
008 - FIXED-LENGTH DATA ELEMENTS--GENERAL INFORMATION
fixed length control field 000211s1999 ph 000 0 eng
010 ## - LIBRARY OF CONGRESS CONTROL NUMBER
LC control number 99920923
020 ## - INTERNATIONAL STANDARD BOOK NUMBER
International Standard Book Number 9717330034
035 ## - SYSTEM CONTROL NUMBER
System control number (DLC) 99920923
037 ## - SOURCE OF ACQUISITION
Source of stock number/acquisition Library of Congress -- Jakarta Overseas Office
Terms of availability P200.00
040 ## - CATALOGING SOURCE
Original cataloging agency DLC
Transcribing agency DLC
Modifying agency DLC
042 ## - AUTHENTICATION CODE
Authentication code lcode
043 ## - GEOGRAPHIC AREA CODE
Geographic area code a-ph---
050 00 - LIBRARY OF CONGRESS CALL NUMBER
Classification number KPM 2790
Item number .Sa237 1999
082 00 - DEWEY DECIMAL CLASSIFICATION NUMBER
Classification number FIL 336.2
Item number .Sa237 1999
245 00 - TITLE STATEMENT
Title Taxation
Remainder of title concepts, principles, practices, and trends
Statement of responsibility, etc Santos, Gonzalo T., Jr. ... [et al.]
250 ## - EDITION STATEMENT
Edition statement 1999 rev. ed.
260 ## - PUBLICATION, DISTRIBUTION, ETC. (IMPRINT)
Place of publication, distribution, etc Makati, M.M. [i.e. Metro Manila]
Name of publisher, distributor, etc International Academy of Management & Economics
Date of publication, distribution, etc c1999
300 ## - PHYSICAL DESCRIPTION
Extent v, 216 p.
Dimensions 21 cm.
521 ## - TARGET AUDIENCE NOTE
Target audience note
526 ## - STUDY PROGRAM INFORMATION NOTE
Reading level 1210L to 1700L
541 ## - IMMEDIATE SOURCE OF ACQUISITION NOTE
-- 1
562 ## - COPY AND VERSION IDENTIFICATION NOTE
Number of copies 1
650 #0 - SUBJECT ADDED ENTRY--TOPICAL TERM
Topical term or geographic name as entry element Taxation
General subdivision Law and legislation
Geographic subdivision Philippines.
700 1# - ADDED ENTRY--PERSONAL NAME
Personal name Santos, Gonzalo T.
906 ## - LOCAL DATA ELEMENT F, LDF (RLIN)
a 7
b cbc
c origode
d 2
e ncip
f 19
g y-gencatlg
942 ## - ADDED ENTRY ELEMENTS (KOHA)
Source of classification or shelving scheme Library of Congress Classification
Koha item type
Call number prefix Filipininana
Holdings
Withdrawn status Lost status Source of classification or shelving scheme Damaged status Home library Current library Shelving location Date acquired Total Checkouts Full call number Barcode Date last seen Copy number Price effective from Koha item type
    Library of Congress Classification   College Library College Library Filipiniana Section 04/29/2013   KPM 2790 .Sa237 1999 c6395 05/08/2018 2 04/29/2013 Books

Taxation

APA

Santos G. T., . (1999). Taxation. Makati, M.M. [i.e. Metro Manila]: International Academy of Management & Economics.

Chicago

Santos Gonzalo T, . 1999. Taxation. Makati, M.M. [i.e. Metro Manila]: International Academy of Management & Economics.

Harvard

Santos G. T., . (1999). Taxation. Makati, M.M. [i.e. Metro Manila]: International Academy of Management & Economics.

MLA

Santos Gonzalo T, . Taxation. Makati, M.M. [i.e. Metro Manila]: International Academy of Management & Economics. 1999.

  • Place hold
  • Print
  • Cite
  • Add to your cart (remove)
  • Save record
    BIBTEX Dublin Core MARCXML MARC (non-Unicode/MARC-8) MARC (Unicode/UTF-8) MARC (Unicode/UTF-8, Standard) MODS (XML) RIS
  • More searches
    Search for this title in:
    Other Libraries (WorldCat) Other Databases (Google Scholar) Online Stores (Bookfinder.com) Open Library (openlibrary.org)

Exporting to Dublin Core...

SOUTHVILLE LIBRARY

Southville International School and Colleges Library

1281 Tropical Ave. Cor. Luxembourg St., BF Homes International, Las Pinas City

Tel. No. 8256374 / 252358 Loc. 117/146

Powered by Koha